000 01061cam a22003377a 4500
003 CHAP
005 20220329133401.0
008 971013s1989 r 00010 d
010 _a5736
011 _a6708
035 _a5931
040 _cCHAP
082 _a580.12
_bW4y
100 0 0 _aWeber, Reinhard.
_9121299
245 0 _aMorfología, reproducción y evolución de las arquegoniadas
_b: una antología
260 _aMéxico, D.F. :
_bUNAM. Facultad de Ciencias,
_c1989
300 _a198 p.
_b: ilus.
590 _aBATCH-UPD
_b10
_c20130110
_lUCH01
_h0935
590 _aBATCH-UPD
_b10
_c20130410
_lUCH01
_h0553
590 _aBATCH-UPD
_b10
_c20130914
_lUCH01
_h0727
590 _aCONVERSION
_b10
_c20130109
_lUCH01
_h1304
650 1 4 _aBotánica
_xClasificación.
_914516
650 1 4 _aBriofitas.
_915379
650 1 4 _aHelechos.
_953412
650 1 4 _aMusgos.
_979880
650 1 4 _aPaleobotánica.
_984896
650 1 4 _aPteridofitas.
_992645
901 _aBK
942 _cLIBRO
949 _a580.12 W4y
_bBC
_cLIBRO
_d33724000519583
_eLIBRO
_h82252
_i5931
_si
_t25.00
999 _c5736
_d5736